MANUALES PARA EDUCACION AGROPECUARIA: COSECHADORAS DE CULTIVOS INDUSTRIALES (Registro nro. 215001)
[ vista simple ]
| 000 -LEADER | |
|---|---|
| campo de control de longitud fija | 00965nam a2200253Ia 4500 |
| 005 - FECHA Y HORA DE LA ÚLTIMA TRANSACCIÓN | |
| campo de control | 20250425161731.0 |
| 008 - DATOS DE LONGITUD FIJA--INFORMACIÓN GENERAL | |
| campo de control de longitud fija | 250425s9999 xx 000 0 und d |
| 020 ## - NÚMERO INTERNACIONAL ESTÁNDAR DEL LIBRO | |
| Número Internacional Estándar del Libro | 9682411661 |
| 041 ## - CÓDIGO DE IDIOMA | |
| Código de lengua del texto/banda sonora o título independiente | spa |
| 082 ## - NÚMERO DE LA CLASIFICACIÓN DECIMAL DEWEY | |
| Número de clasificación | 631.35 |
| 010 ## - NÚMERO DE CONTROL DE LA BIBLIOTECA DEL CONGRESO | |
| Número de control de LC | 26892 |
| 100 ## - ENTRADA PRINCIPAL--NOMBRE DE PERSONA | |
| Nombre de persona | BERLIJN, JOHAN D. |
| 245 #0 - MENCIÓN DEL TÍTULO | |
| Título | MANUALES PARA EDUCACION AGROPECUARIA: COSECHADORAS DE CULTIVOS INDUSTRIALES |
| 250 ## - MENCION DE EDICION | |
| Mención de edición | 2A ED. |
| 260 ## - PUBLICACIÓN, DISTRIBUCIÓN, ETC. | |
| Lugar de publicación, distribución, etc. | MEXICO |
| 260 ## - PUBLICACIÓN, DISTRIBUCIÓN, ETC. | |
| Lugar de publicación, distribución, etc. | México |
| Nombre del editor, distribuidor, etc. | TRILLAS |
| Fecha de publicación, distribución, etc. | 1983 |
| 300 ## - DESCRIPCIÓN FÍSICA | |
| Extensión | 66 |
| 500 ## - NOTA GENERAL | |
| Nota general | MECANICA AGRICOLA; 46D-28947 EN CIBGZ-FIMC PARA IMG. AGROP. |
| 520 ## - RESUMEN, ETC. | |
| Sumario, etc. | LA COSECHA DE LOS DIVERSOS CULTIVOS INDUSTRIALES ES TAN DIFERENTE COMO CADA UNO DE ESTOS CULTIVOS. LAS OPERACIONES Y LAS MAQUINAS COSECHADORAS REPRESENTAN DIFERENTES DISEÑOS, ESPECIALMENTE EN LO QUE SE REFIERE A SUS PARTES OPERATIVAS.CONTENIDO:INTROD |
| 650 ## - PUNTO DE ACCESO ADICIONAL DE MATERIA--TÉRMINO DE MATERIA | |
| Término de materia o nombre geográfico como elemento de entrada | COSECHADORAS |
| 650 ## - PUNTO DE ACCESO ADICIONAL DE MATERIA--TÉRMINO DE MATERIA | |
| Término de materia o nombre geográfico como elemento de entrada | CULTIVOS INDUSTRIALES |
| 710 ## - ENTRADA AGREGADA--NOMBRE DE ENTIDAD CORPORATIVA | |
| Nombre de entidad corporativa o nombre de jurisdicción como elemento de entrada | DIRECCION GENERAL DE EDUCACION TECNOLOGICA AGROPECUARIA |
| 942 ## - ELEMENTOS DE ENTRADA SECUNDARIOS (KOHA) | |
| Tipo de ítem Koha | Libros |
| Estatus retirado | Estado de pérdida | Estado de daño | No para préstamo | Biblioteca de origen | Biblioteca actual | Ubicación en estantería | Fecha de adquisición | Coste, precio normal de compra | Total de préstamos | Código de barras | Copia número | Tipo de ítem Koha |
|---|---|---|---|---|---|---|---|---|---|---|---|---|
| CENTRO DE INFORMACIÓN BIBLIOTECARIA | CENTRO DE INFORMACIÓN BIBLIOTECARIA | 27/11/2003 | 8.00 | 34051 | 1 | Libros | ||||||
| FACULTAD DE INGENIERIA MECANICA Y CIENCIAS DE LA PRODUCCION | FACULTAD DE INGENIERIA MECANICA Y CIENCIAS DE LA PRODUCCION | 22/01/2004 | 9.00 | 50173 | 2 | |||||||
| FACULTAD DE INGENIERIA MECANICA Y CIENCIAS DE LA PRODUCCION | FACULTAD DE INGENIERIA MECANICA Y CIENCIAS DE LA PRODUCCION | 28/01/2004 | 9.00 | 50174 | 3 | |||||||
| FACULTAD DE INGENIERIA MECANICA Y CIENCIAS DE LA PRODUCCION | FACULTAD DE INGENIERIA MECANICA Y CIENCIAS DE LA PRODUCCION | 18/12/2003 | 15.00 | D-28947 | 5 | |||||||
| FACULTAD DE INGENIERIA MECANICA Y CIENCIAS DE LA PRODUCCION | FACULTAD DE INGENIERIA MECANICA Y CIENCIAS DE LA PRODUCCION | 18/12/2003 | 17.00 | 50265 | 4 |